| 000 | 00636nam a2200193 i 4500 | ||
|---|---|---|---|
| 001 | 80097 | ||
| 003 | ES-MaACL | ||
| 005 | 20230906174128.0 | ||
| 007 | t| | ||
| 008 | 041026s1972 sp ||||1| spa d | ||
| 100 | 1 |
_aHirsch-Weber, Wolfgang. _963810 |
|
| 245 | 1 | 3 |
_aLa política como conflicto de intereses / _cWolfgang Hirsch-Weber ; prólogo de G. Eisermann ; [traducción y presentación por Antonio López Pina]. |
| 260 |
_aMadrid : _bTecnos, _c[1972] |
||
| 300 |
_a249 p. ; _c23 cm. |
||
| 700 | 1 |
_aEisermann, G. _946865 |
|
| 700 | 1 |
_aLópez Pina, Antonio. _9183727 |
|
| 852 |
_aES-MaACL _jC-43117 _bR.82669 |
||
| 999 |
_c80097 _d80097 |
||